000 00641nam a2200229Ia 4500
003 OSt
005 20220928102012.0
006 a|||||r|||| 00| 0
007 ta
008 220927b |||||||| |||| 00| 0 eng d
024 _a38093
037 _cReference Collections
040 _aSDCL
_cSDCL
_beng
041 _2eng
_aeng
082 _aD65:(P:4)k, P0 RR
100 _aSexsena Alok
_9396150
245 0 _aElectronic shabdaveli.
260 _aNew Delhi
_bSarthak Prakashan
_c2000
300 _a136p.
_ccm.
942 _hD65:(P:4)k, P0 RR
_cREF
_2CC
999 _c711856
_d711856